| 000 | 00758nam a22001937a 4500 | ||
|---|---|---|---|
| 999 |
_c164212 _d164212 |
||
| 005 | 20190514112532.0 | ||
| 010 | _aUR-10111 | ||
| 020 |
_c450.00 _a9789388105767 |
||
| 035 | _aU-8666 | ||
| 037 | _bDBAD/PUB | ||
| 082 | _a820.0355 | ||
| 100 | _aمحمد نو ر نبی آ ز ا د | ||
| 245 |
_aپر يم چند کے ا فسا نو ں ميں د لت مسا يل _cمحمد نو ر نبی آ ز ا د |
||
| 246 |
_bPremchand ke Afsanon mein Dalit Masael (Urdu) _aby Dr.Mohd.Noor Nabi Azad |
||
| 260 |
_a Delhi _bEducational Publishing House _c2018 ء |
||
| 270 |
_a3191،Vakil Street,Kucha Pandit,Lal Kuan, _bDelhi _e110006 _k23216162 _l00911123211540 |
||
| 300 |
_a288+3ص _c22 Cm.(bk) |
||
| 942 |
_2ddc _cUR _h820.0355 _mم ح م |
||